Falusi házhelyek
Elmentve itt :
| Szerző: | |
|---|---|
| Dokumentumtípus: | Cikk |
| Megjelent: |
1971-07-25
|
| Sorozat: | Délmagyarország
61 No. 174 |
| Kulcsszavak: | Szőreg, Területrendezés rendezési terv Szőreg |
| Online Access: | http://dmarchiv.bibl.u-szeged.hu/87558 |
| LEADER | 00475nab a2200157 i 4500 | ||
|---|---|---|---|
| 001 | delm87558 | ||
| 005 | 20190621090516.0 | ||
| 008 | 190416s1971 hu o 0|| hun d | ||
| 040 | |a SZTE Délmagyarország Archívum |b hun | ||
| 041 | |a hun | ||
| 100 | 1 | |a Horváth Dezső | |
| 245 | 1 | 0 | |a Falusi házhelyek |h [elektronikus dokumentum] / |c Horváth Dezső |
| 260 | |c 1971-07-25 | ||
| 300 | |a 4 | ||
| 490 | 0 | |a Délmagyarország |v 61 No. 174 | |
| 695 | |a Szőreg, Területrendezés rendezési terv Szőreg | ||